000 005880000a22002050004500
003 LK-CoMWRAF
005 20231207133124.0
008 230817t1991 ||||| |||| 00| 0 eng d
040 _aLK-CoMWRAF
_dLK-CoMWRAF
_eLK-CoMWRAF
041 _aeng
082 _a297.197
_bARE
245 _aAre Muslim men allowed to beat their wives?
260 _aSelangor:
_bSisters in islam,
_c1991
300 _a13 p. ; 22 cm
650 _a Domestic relations (Islamic law)
650 _aMarriage (Islamic law)
650 _a Marriage- Religious aspects- Islam
650 _aWomen in Islam
942 _cBK
999 _c70
_d70